[Event "AUTO-MASTER-3297"]
[Site "http://www.queenalice.com/game.php?id=1873221"]
[Date "2026.5.9"]
[Round "2"]
[White "chessman"]
[Black "Fredo"]
[Result "1-0"]
[WhiteElo "2077"]
[BlackElo "2096"]

1. e4 c5 2. Nf3 d6 3. Bb5+ Nc6 4. O-O Nf6 5. Re1 e5 6. c3 Be7 7. d4 cxd4 8. cxd4
O-O 9. Bxc6 bxc6 10. dxe5 dxe5 11. Nxe5 Bb7 12. Nc3 c5 13. f3 Qb6 14. Nc4 Qe6
15. b3 Nd7 16. Bb2 Rfd8 17. Qe2 Nb6 18. Na5 Bc8 19. Rad1 Bd7 20. Nd5 Nxd5 21.
exd5 Qxe2 22. Rxe2 Bf8 23. Nc4 h6 24. d6 Bb5 25. Red2 Bxc4 26. bxc4 Rab8 27. Ba3
Rbc8 28. Rd5 Rc6 29. Bxc5 f6 30. Bxa7 Rxc4 31. d7 Rc6 32. Bf2 Rc2 33. Bb6 Be7
34. Bxd8 Bxd8 35. Re1 Bb6+ 36. Kh1 1-0

[Event "AUTO-MASTER-3297"]
[Site "http://www.queenalice.com/game.php?id=1873222"]
[Date "2026.5.9"]
[Round "2"]
[White "Fredo"]
[Black "chessman"]
[Result "0-1"]
[WhiteElo "2112"]
[BlackElo "2072"]

1. d4 d5 2. Nf3 Nf6 3. e3 e6 4. Bd3 c5 5. b3 cxd4 6. exd4 Be7 7. O-O O-O 8. Bb2
Nc6 9. Nbd2 a6 10. Re1 Bd6 11. Ne5 Bd7 12. f4 Rc8 13. Ndf3 Ne7 14. Rc1 b5 15.
Qe2 Ne8 16. Ng5 f5 17. Qh5 h6 18. Re3 Bxe5 19. Nxe6 Bxe6 20. Rxe5 Bf7 21. Qh3
Bg6 22. Rce1 Nc6 23. Re6 Bh7 24. Ba3 b4 25. Bb2 Nd6 26. Qg3 Ne4 27. Bxe4 fxe4
28. Rxh6 Ne7 29. Rxa6 Rxc2 30. Bc1 Qc8 31. Be3 Qxa6 0-1

[Event "AUTO-OPEN-4653"]
[Site "http://www.queenalice.com/game.php?id=1873633"]
[Date "2026.5.21"]
[Round "1"]
[White "chessman"]
[Black "game"]
[Result "1-0"]
[WhiteElo "2119"]
[BlackElo "1623"]

1. e4 e5 2. Nf3 d6 3. d4 Nf6 4. dxe5 Nxe4 5. exd6 Bxd6 6. Bc4 Bc5 7. Qxd8+ Kxd8
8. O-O Nc6 9. Be3 b6 10. Bxc5 bxc5 11. Bd5 Kd7 12. Bxe4 Ba6 13. Rd1+ Nd4 14.
Bxa8 Rxa8 15. c3 Be2 16. Rd2 Kc6 17. Nxd4+ cxd4 18. Rxe2 Rd8 19. cxd4 Rxd4 20.
Nc3 f5 21. Rc1 g5 22. Rd1 Rb4 23. Re6+ Kb7 24. Re7 h5 25. Rxc7+ Kxc7 26. Nd5+
Kd6 27. Nc3+ Ke5 28. b3 g4 29. Rd5+ Kf4 30. g3+ Kf3 31. Rd3# 1-0

[Event "AUTO-OPEN-4653"]
[Site "http://www.queenalice.com/game.php?id=1873634"]
[Date "2026.5.21"]
[Round "1"]
[White "game"]
[Black "chessman"]
[Result "0-1"]
[WhiteElo "1654"]
[BlackElo "2154"]

1. e4 e6 2. Nf3 d5 3. d3 dxe4 4. Ng5 exd3 5. Bxd3 h6 6. Qh5 Qf6 7. Ne4 Qe7 8.
Bg5 Qd7 9. O-O g6 10. Qh4 Be7 11. Bf6 Nxf6 12. Nxf6+ Bxf6 13. Qxf6 Rg8 14. Re1
Qe7 15. Qf3 Nc6 16. Nc3 Bd7 17. Nb5 O-O-O 18. Qe3 Kb8 19. Be4 a6 20. Nd4 Nxd4
21. Qxd4 Bc6 22. Qc4 Bxe4 23. Qxe4 h5 24. Re3 Rd7 25. Rb3 b6 26. Ra3 a5 27. Qf4
Rgd8 28. g3 g5 29. Qe5 f6 30. Qe4 f5 31. Qc6 Rd6 32. Qb5 Qd7 33. Qc4 Rd1+ 34.
Rxd1 Qxd1+ 35. Kg2 g4 36. Rc3 Qd5+ 37. Kf1 Qh1+ 38. Ke2 Qd1+ 39. Ke3 Qd2# 0-1